| 000 | 00506cam a22001457a 4500 | ||
|---|---|---|---|
| 008 | 180718b1978 xxu||||| |||| 00| 0 eng d | ||
| 082 | _aCox595 Su28 | ||
| 245 |
_aConstitution of Malaysia: its development, 1957-1977 _cedited by Tun Mohamed Suffian, H.P. Lee and F.A. Trindade |
||
| 260 |
_aKuala Lumpur _bOxford University Press _c1978 |
||
| 300 | _a425p. | ||
| 650 | _aConstitutional history - Malaysia | ||
| 700 | _aTrindade, F.A., ed. | ||
| 700 | _aLee, H.P., ed. | ||
| 700 | _aSuffian, Tun Mohamed, ed. | ||
| 999 |
_c355120 _d355120 |
||